000 00900nam a2200229 a 4500
001 40309
003 BD-RjUL
005 20211209053205.0
008 160428s2015 bg a|||| |||| 00| 0 ben d
020 _a9789843397546
_c: TK 2000.00
035 _a(BD-RjUL)40424
040 _aBD-RjUL
_bben
_cBD-RjUL
041 _aben
082 _223
_a954.9204
_bDUS 2015
100 _aদত্ত, শেখর
_9120839
245 1 0 _aষাটের দশকের গণজাগরণ :
_bঘটনাপ্রবাহ পর্যালোচনা প্রভাব /
_cশেখর দত্ত
260 _aঢাকা :
_bসমাজ বিকাশ,
_c২০১৫
300 _a[১০], ৬৮৫ পৃ. :
_bচিত্র ;
_c২৩ সেমি.
650 _aBangladesh
_xHistory
_9124194
650 _aবাংলাদেশ
_xইতিহাস
_9124195
942 _2ddc
_cBK
_01
999 _c40309
_d40309